| 000 | 00515nam a2200205 4500 | ||
|---|---|---|---|
| 008 | b xx# fre u | ||
| 020 | _a2011552157 | ||
| 020 | _a9782011552150 | ||
| 040 | _aLB-BrCRDP | ||
| 082 | _a371.3/YAI | ||
| 100 | 1 | _aYaîche,Francis | |
| 130 | 0 | _lFR | |
| 245 | 1 | 0 |
_aPhotos-Expressions _cFrancis Yaîche |
| 260 |
_aParis _bHachette éducation _c2005 |
||
| 300 | _c24cm | ||
| 490 | 0 | _aPratiques de classe | |
| 650 | _aMéthodes | ||
| 942 | _cBK | ||
| 999 |
_c16677 _d16677 |
||